000 00542nam a22001932 4500
001 0000009804
005 20151217160123.0
008 081130s xx 000 0 eng d
020 _a0780707338 :
040 _aKABU
_cKABU
100 1 _aPaulsen, Gary.
_@0000000254
245 1 4 _aThe Boy who owned the achool :
_ba comedy of love /
_cby Gary Paulsen.
250 _a1st ed.
260 _aNew York :
_bDell,
_c1990.
300 _a85 p.
852 1 _9p200 KES
908 _a081130
950 _@1
999 _c14566
_d14566